तितली का बचपन / (Record no. 20931)
[ view plain ]
| 000 -LEADER | |
|---|---|
| fixed length control field | 03613nam a22004097a 4500 |
| 005 - DATE AND TIME OF LATEST TRANSACTION | |
| control field | 20090102122541.0 |
| 008 - FIXED-LENGTH DATA ELEMENTS--GENERAL INFORMATION | |
| fixed length control field | 090102t xxu||||| |||| 00| 0 hin d |
| 010 ## - LCCN (DPL NO) | |
| LC control number | B-309538 |
| 020 ## - INTERNATIONAL STANDARD BOOK NUMBER | |
| Terms of availability | 15.00 |
| International Standard Book Number | 9788123752211 |
| 035 ## - SYSTEM CONTROL NUMBER | |
| System control number | B-309538 |
| 035 ## - SYSTEM CONTROL NUMBER | |
| System control number | B-375220-228 |
| 037 ## - SOURCE OF ACQUISITION | |
| Source of stock number/acquisition | DBAD / PUB |
| 037 ## - SOURCE OF ACQUISITION | |
| Source of stock number/acquisition | तरूण बुक्स/ VEN |
| 040 ## - CATALOGING SOURCE | |
| Original cataloging agency | DPL |
| Language of cataloging | HN |
| 082 ## - DEWEY DECIMAL CLASSIFICATION NUMBER | |
| Classification number | क |
| 100 ## - MAIN ENTRY--PERSONAL NAME | |
| Personal name | सेनगुप्ता, युधाजीत |
| 9 (RLIN) | 17537 |
| 245 ## - TITLE STATEMENT | |
| Title | तितली का बचपन / |
| Statement of responsibility, etc | युधाजीत सेनगुप्ता; ब्रतीन दे द्वारा अनुदित |
| 246 ## - VARYING FORM OF TITLE | |
| Title proper/short title | Titali Ka Bachapan |
| Remainder of title | by Udhajeet Sengupta |
| 260 ## - PUBLICATION, DISTRIBUTION, ETC. (IMPRINT) | |
| Place of publication, distribution, etc | नई दिल्ली |
| Name of publisher, distributor, etc | नेशनल बुक ट्रस्ट |
| Date of publication, distribution, etc | 2008 |
| 270 ## - ADDRESS | |
| Address | प्लॉट नं.-5 , इंस्टीट्यूशन एरिया,फेज-II |
| City | नई दिल्ली |
| Postal code | 110070 |
| 300 ## - PHYSICAL DESCRIPTION | |
| Extent | अ. पृ. |
| Dimensions | 22 सेमी (अजिल्द) |
| Other physical details | सचित्र |
| 650 ## - SUBJECT ADDED ENTRY--TOPICAL TERM | |
| Source of heading or term | हिन्दी बाल कहानियाँ |
| 650 ## - SUBJECT ADDED ENTRY--TOPICAL TERM | |
| Source of heading or term | Hindi Children Stories |
| 700 ## - ADDED ENTRY--PERSONAL NAME | |
| Personal name | दे, ब्रतीन |
| 9 (RLIN) | 17538 |
| 942 ## - ADDED ENTRY ELEMENTS (KOHA) | |
| Source of classification or shelving scheme | Dewey Decimal Classification |
| Item type | Children Books |
| Call number suffix | सेनगु |
| Classification part | क |
| Withdrawn status | Lost status | Source of classification or shelving scheme | Damaged status | Not for loan | Collection code | Home library | Current library | Date acquired | Source of acquisition | Cost, normal purchase price | Total Checkouts | Full call number | Barcode | Date last seen | Copy number | Cost, replacement price | Koha item type | Public note |
|---|---|---|---|---|---|---|---|---|---|---|---|---|---|---|---|---|---|---|
| Dewey Decimal Classification | Fiction | Andrews Gunj | Andrews Gunj | 30/08/2010 | तरूण बुक्स/2011/29.01.10/283/16.01.10/15.02.10 | 15.00 | 1 | क सेनगु | B-375224 | 03/12/2018 | 1 | 15.00 | Children Books | |||||
| Dewey Decimal Classification | Not For Loan | Fiction | Central Library | Central Library | 13/01/2009 | DBAD | 15.00 | क सेनगु | B-309538 | 13/01/2009 | 1 | 15.00 | Children Books | |||||
| Dewey Decimal Classification | Fiction | Janak Puri | Janak Puri | 30/08/2010 | तरूण बुक्स/2011/29.01.10/283/16.01.10/15.02.10 | 15.00 | 2 | क सेनगु | B-375221 | 28/06/2018 | 1 | 15.00 | Children Books | |||||
| Written off | Dewey Decimal Classification | Fiction | Narela | Narela | 30/08/2010 | तरूण बुक्स/2011/29.01.10/283/16.01.10/15.02.10 | 15.00 | क सेनगु | B-375227 | 30/08/2010 | 1 | 15.00 | Children Books | Written off on approval by DLB (By Circulation); dtd 20.12.2022 | ||||
| Dewey Decimal Classification | Fiction | Patel Nagar | Patel Nagar | 30/08/2010 | तरूण बुक्स/2011/29.01.10/283/16.01.10/15.02.10 | 15.00 | क सेनगु | B-375220 | 30/08/2010 | 1 | 15.00 | Children Books | ||||||
| Dewey Decimal Classification | Fiction | R.K.Puram-8 | R.K.Puram-8 | 30/08/2010 | तरूण बुक्स/2011/29.01.10/283/16.01.10/15.02.10 | 15.00 | क सेनगु | B-375223 | 30/08/2010 | 1 | 15.00 | Children Books | ||||||
| Withdrawn | Dewey Decimal Classification | Fiction | Sarojini Nagar | Sarojini Nagar | 30/08/2010 | तरूण बुक्स/2011/29.01.10/283/16.01.10/15.02.10 | 15.00 | क सेनगु | B-375222 | 30/08/2010 | 1 | 15.00 | Children Books | |||||
| Dewey Decimal Classification | Fiction | Shahdara Branch | Shahdara Branch | 30/08/2010 | तरूण बुक्स/2011/29.01.10/283/16.01.10/15.02.10 | 15.00 | 1 | क सेनगु | B-375228 | 12/10/2022 | 1 | 15.00 | Children Books | |||||
| Dewey Decimal Classification | Fiction | Sriniwas Puri | Sriniwas Puri | 30/08/2010 | तरूण बुक्स/2011/29.01.10/283/16.01.10/15.02.10 | 15.00 | क सेनगु | B-375225 | 30/08/2010 | 1 | 15.00 | Children Books | ||||||
| Dewey Decimal Classification | Fiction | Vinoba Puri | Vinoba Puri | 30/08/2010 | तरूण बुक्स/2011/29.01.10/283/16.01.10/15.02.10 | 15.00 | 2 | क सेनगु | B-375226 | 01/10/2013 | 1 | 15.00 | Children Books |
